<?xml version="1.0" encoding="UTF-8"?><?xml-stylesheet type="text/xsl" href="static/style.xsl"?><OAI-PMH xmlns="http://www.openarchives.org/OAI/2.0/" xmlns:xsi="http://www.w3.org/2001/XMLSchema-instance" xsi:schemaLocation="http://www.openarchives.org/OAI/2.0/ http://www.openarchives.org/OAI/2.0/OAI-PMH.xsd"><responseDate>2026-06-01T02:50:09Z</responseDate><request verb="GetRecord" identifier="oai:riuma.uma.es:10630/36112" metadataPrefix="marc">https://riuma.uma.es/rest/oai/request</request><GetRecord><record><header><identifier>oai:riuma.uma.es:10630/36112</identifier><datestamp>2026-02-03T10:52:34Z</datestamp><setSpec>com_10630_2254</setSpec><setSpec>col_10630_37953</setSpec></header><metadata><record xmlns="http://www.loc.gov/MARC21/slim" xmlns:dcterms="http://purl.org/dc/terms/" xmlns:doc="http://www.lyncode.com/xoai" xmlns:xsi="http://www.w3.org/2001/XMLSchema-instance" xsi:schemaLocation="http://www.loc.gov/MARC21/slim http://www.loc.gov/standards/marcxml/schema/MARC21slim.xsd">
   <leader>00925njm 22002777a 4500</leader>
   <datafield ind2=" " ind1=" " tag="042">
      <subfield code="a">dc</subfield>
   </datafield>
   <datafield ind2=" " ind1=" " tag="720">
      <subfield code="a">González-Ríos, Isabel</subfield>
      <subfield code="e">author</subfield>
   </datafield>
   <datafield ind2=" " ind1=" " tag="260">
      <subfield code="c">2020</subfield>
   </datafield>
   <datafield ind2=" " ind1=" " tag="520">
      <subfield code="a">Este artículo realiza un estudio del marco jurídico-administrativo que regula la situación de vulnerabilidad en la que se encuentra el consumidor eléctrico cuando no puede hacer frente al pago del suministro, como servicio económico de interés general. Desde el año 2009 la Unión Europea viene exigiendo a los Estados miembros compatibilizar la liberalización del sector con la intervención administrativa para garantizar la tutela de los colectivos más vulnerables.&#xd;
En esta ordenación jurídica, en continua evolución hacia una mayor protección, abordamos las medidas de carácter individual que se han venido adoptando, la problemática jurisprudencial asociada al pago de obligaciones de servicio público referidas al precio del suministro y las propuestas de lege ferenda que corresponde adoptar ante la faceta “colectiva” del problema: la pobreza energética.</subfield>
   </datafield>
   <datafield ind1="8" ind2=" " tag="024">
      <subfield code="a">González Ríos, Isabel. (2020). La tutela jurídico-administrativa de la vulnerabilidad energética: medidas paliativas y estructurales. Revista Catalana de Dret Públic, 61, 171-190. https://doi.org/10.2436/rcdp.i61.2020.3434.</subfield>
   </datafield>
   <datafield ind1="8" ind2=" " tag="024">
      <subfield code="a">https://hdl.handle.net/10630/36112</subfield>
   </datafield>
   <datafield ind1="8" ind2=" " tag="024">
      <subfield code="a">10.2436/rcdp.i61.2020.3434.</subfield>
   </datafield>
   <datafield tag="653" ind2=" " ind1=" ">
      <subfield code="a">Pobreza energética</subfield>
   </datafield>
   <datafield ind2="0" ind1="0" tag="245">
      <subfield code="a">La tutela juridico-administrativa de la vulnerabilidad energética: medidas paliativas y estructurales</subfield>
   </datafield>
</record>
</metadata></record></GetRecord></OAI-PMH>